| 000 | 00690nam a2200181Ia 4500 | ||
|---|---|---|---|
| 008 | 090124s9999 xx 000 0 und d | ||
| 082 | _b113919 | ||
| 100 | _aभिडे श्री.र. ( श्रीपाद रघुनाथ ) | ||
| 245 | _a नल - दमयंती स्वयंवर | ||
| 250 | _a1 | ||
| 260 | _c1971 | ||
| 300 | _a100 | ||
| 600 | _aभिडे श्री.र. ( श्रीपाद रघुनाथ ) | ||
| 630 | _a नल - दमयंती स्वयंवर | ||
| 700 | _aभिडे श्री.र. ( श्रीपाद रघुनाथ ) | ||
| 730 | _a नल - दमयंती स्वयंवर | ||
| 942 | _cBOOK | ||
| 999 |
_c160010 _d160010 |
||